Les Simpson - Quiz général #08 - Statistiques

Statistiques générales
  • Ce quiz a été pris 27 fois
  • Le résultat moyen est 4 sur 8
Statistiques - réponses
Question Réponse % Correct
Qui a dit : "J'ai posé le formulaire sur ta pile de choses à faire il y a un mois !" ? Marge
88%
Frink a déjà été milliardaire Vrai
68%
Qu'a fait graver Homer sur la boule de bowling offerte à Marge pour son anniversaire ? Homer
56%
Quelle proposition est fausse concernant Waylon Smithers ? il a été promu PDG de la centrale quand Burns l'a vendue aux Allemands
52%
Lequel de ces personnages est mort ?
44%
Qui a inventé une machine qui mesure le degré de surprise ? Martin
28%
De combien est le chèque gagné par l'école suite à l'examen où Lisa a triché ? 250 000 $
20%
Quel personnage a pour deuxième prénom Lenny ? Maggie
20%
Aucun quiz correspondant
Distribution des résultats
% des personnes avec chaque résultat
Percentile par nombre de réponses
Votre historique - résultats
Vous n’avez pas pris ce quiz